00514pab a2200169 454500008004000000100001800040245005900058260000900117300001300126362001000139650002000149773003400169908000600203909001100209999001900220952010500239180718b2014 xxu||||| |||| 00| 0 eng d aNachane, D.M. aFlawed cartography? A new road map for monetary policy c2014 ap.24-26. a1 Mar aMonetary policy aEconomic and Political Weekly aN a103548 c103544d103544 00104070aIIPAbIIPAd2018-07-19hVolume no: 49, Issue no: 9pAR104008r2018-07-19w2018-07-19yAR